Metroid Prime Trilogy Items - Statistics

General Stats
  • This quiz has been taken 134 times
  • The average score is 29 of 53
Answer Stats
Debut Game Item % Correct
Prime Morph Ball Bombs
94%
Prime Missile Launcher
92%
Prime Power Suit
92%
Prime Ice Beam
89%
Prime Gravity Suit
85%
Prime Plasma Beam
85%
Prime Wave Beam
83%
Prime Phazon Beam
82%
Prime Varia Suit
82%
Prime Combat Visor
80%
Prime Morph Ball
80%
Prime Phazon Suit
80%
Prime Space Jump Boots
79%
Prime Super Missile
79%
Prime Spider Ball
76%
Prime Power Bombs
73%
Prime X-Ray Visor
73%
Prime Grapple Beam
71%
Echoes Light Beam
71%
Prime Thermal Visor
71%
Echoes Dark Beam
70%
Prime Charge Beam
67%
Prime Power Beam
67%
Echoes Dark Suit
65%
Echoes Light Suit
64%
Prime Scan Visor
62%
Prime Boost Ball
61%
Corruption Hyper Beam
58%
Corruption PED Suit
58%
Echoes Screw Attack
56%
Prime Flamethrower
55%
Echoes Annihilator Beam
50%
Prime Ice Spreader
41%
Corruption Ice Missile
39%
Echoes Dark Visor
38%
Prime Wavebuster
38%
Corruption Nova Beam
36%
Echoes Echo Visor
33%
Corruption Hyper Missile
33%
Echoes Seeker Missile
32%
Corruption Grapple Lasso
30%
Corruption Hyper Ball
27%
Echoes Darkburst
23%
Echoes Gravity Boost
23%
Echoes Sonic Boom
23%
Corruption Hazard Shield
20%
Corruption Hyper Grapple
20%
Corruption Command Visor
18%
Corruption Ship Missile
18%
Echoes Sunburst
18%
Corruption Ship Grapple Beam
15%
Corruption Grapple Voltage
14%
Corruption Grapple Swing
9%
No matching quizzes found
Score Distribution
Percent of People with Each Score
Percentile by Number Answered
Your Score History
You have not taken this quiz